000 00284nam a22001337a 4500
008 181102b xxu||||| |||| 00| 0 eng d
020 _a0070356394
041 _aeng
080 _a612.39
100 _a10
101 _aNUT
245 _aMega Nutrition
_cKunin,R.A
942 _2udc
_cBK
999 _c51690
_d51690